000 00443nam a2200121Ia 4500
008 250110s9999 xx 000 0 und d
041 _aeng
100 _aSawant Pranita
_9181645
245 _aAn Integrated Landscape Approach Tostrengthen Livelihoods For Rural Agrarian Communities Arou nd MksssSite In Dhagewadi, Satara
260 _bBNCA M Arch Landscape Architecture
_aPune
_c2023
300 _a39p
700 _aGuide Name:Sahasrabuddhe Swati
999 _c364650
_d364650